| 000 | 00600nam a2200193Ia 4500 | ||
|---|---|---|---|
| 005 | 20250923145407.0 | ||
| 008 | 008 250917s9999 xx 000 0 eng d | ||
| 037 | _aTextual | ||
| 040 |
_aDSWL _beng _cDSWL |
||
| 041 |
_aeng _2eng |
||
| 084 |
_aV2:91rN57, N58.1 _qDSWL |
||
| 245 | 0 |
_aReport on the Second General Election in India 1957 _c by Govt. of Election Commission, India |
|
| 260 |
_aDelhi _bThe Manager of Publication _c1958 |
||
| 300 | _a306p. | ||
| 365 |
_aINR _b10 . 50 |
||
| 925 | _g10 . 50 | ||
| 942 |
_cTEXL _hV2:91rN57, N58.1 |
||
| 999 |
_c1450830 _d1450830 |
||